zpět

Detail výsledku týmu

Suzie's, Brno

Datum a čas kvízu

25 Celkem bodů Celkový počet nahraných bodů na tomto kvízu bez doplňovacích otázek.
3. Pořadí na kvízu Konečné umístění týmu na tomto kvízu.

Zaznamenané odpovědi

# Otázka Odpověď Body Výsledky
1. Která česká zoologická zahrada... Zoo Plzeň 0
2. Americký ministr zdravotnictví... D 0
3. Napište jméno skotského herce... Iain Glen; Hra o trůny 1
4. V pondělí byl vládou zrušen od... NERV (Národní ekonomická rada vlády) 1
5. 41letý americký basketbalista... LeBron James 1
6. Hned v úvodu bod rozdělíme: za... Ulánbátar; Altaj 0.5
7. Z následujících možností vyber... A 0
8. Jak se jmenuje hudební skupina... The Hu 0
9. Které náboženství je v Mongols... buddhismus 1
10. Jak se jmenuje česká spisovate... Petra Hůlová 0